PHYSICS FOR DEGREE STUDENTS B.Sc. 2ND YEAR (Record no. 9383)
[ view plain ]
| 000 -LEADER | |
|---|---|
| fixed length control field | 00545nam a22001697a 4500 |
| 003 - CONTROL NUMBER IDENTIFIER | |
| control field | SGT |
| 020 ## - INTERNATIONAL STANDARD BOOK NUMBER | |
| International Standard Book Number | 9788121940597 |
| 082 ## - DEWEY DECIMAL CLASSIFICATION NUMBER | |
| Classification number | 530,ARO |
| 100 ## - MAIN ENTRY--PERSONAL NAME | |
| Personal name | ARORA,C.L |
| 245 ## - TITLE STATEMENT | |
| Title | PHYSICS FOR DEGREE STUDENTS B.Sc. 2ND YEAR |
| Remainder of title | AS PER UGC MODEL CURRICULUM (FOR ALL INDIAN UNIVERSITIES) |
| 250 ## - EDITION STATEMENT | |
| Edition statement | 2ND |
| 260 ## - PUBLICATION, DISTRIBUTION, ETC. (IMPRINT) | |
| Place of publication, distribution, etc | NEW DELHI |
| Name of publisher, distributor, etc | S.CHAND |
| Year of Publication | 2014 |
| 300 ## - PAGE DESCRIPTION | |
| No. of Pages | 1022 |
| 650 ## - SUBJECT ADDED ENTRY--TOPICAL TERM | |
| Topical term or geographic name as entry element | PHYSICS |
| 653 ## - KEYWORDS--INDEX TERM | |
| Keyword term | KINECTIC THEORY OF MATTER, THERMODYNAMICS, STATISTICAL PHYSICS, WAVES, ACOUSTICS, GEOMETRICAL OPTICS, PHYSICAL OPTICS, LASERS. |
| 942 ## - ADDED ENTRY ELEMENTS (KOHA) | |
| Source of classification or shelving scheme | Dewey Decimal Classification |
| Koha item type | FPS Books |
| 942 ## - ADDED ENTRY ELEMENTS (KOHA) | |
| -- | 11 |
| Withdrawn status | Lost status | Source of classification or shelving scheme | Damaged status | Not for loan | Collection code | Home library | Current library | Shelving location | Date acquired | Vendor Name | Cost, normal purchase price | SGTU | Bill Number | Total Checkouts | Full call number | Accession No. (Barcode) | Date last seen | Date last borrowed | Bill Date | Koha item type | Checked out |
|---|---|---|---|---|---|---|---|---|---|---|---|---|---|---|---|---|---|---|---|---|---|
| Dewey Decimal Classification | SCIENCE | SGT Science & Social Sciences Library | SGT Science & Social Sciences Library | On Display | 01/07/2016 | SPARSH BOOKS | 550.00 | SGTU | 1291 | 48 | 530,ARO | PS557 | 09/12/2025 | 19/11/2025 | 25/11/2014 | FPS Books | |||||
| Dewey Decimal Classification | SCIENCE | SGT Science & Social Sciences Library | SGT Science & Social Sciences Library | On Display | 01/07/2016 | SPARSH BOOKS | 550.00 | SGTU | 1291 | 19 | 530,ARO | PS556 | 17/05/2022 | 17/05/2022 | 25/11/2014 | FPS Books | 16/07/2022 |